<?xml version="1.0" encoding="UTF-8"?>
<record
    xmlns:xsi="http://www.w3.org/2001/XMLSchema-instance"
    xsi:schemaLocation="http://www.loc.gov/MARC21/slim http://www.loc.gov/standards/marcxml/schema/MARC21slim.xsd"
    xmlns="http://www.loc.gov/MARC21/slim">

  <leader>00640nam a22002417a 4500</leader>
  <controlfield tag="005">20170124105932.0</controlfield>
  <datafield tag="010" ind1=" " ind2=" ">
    <subfield code="a">558055</subfield>
  </datafield>
  <datafield tag="020" ind1=" " ind2=" ">
    <subfield code="c">00.00</subfield>
  </datafield>
  <datafield tag="035" ind1=" " ind2=" ">
    <subfield code="a">558055</subfield>
  </datafield>
  <datafield tag="037" ind1=" " ind2=" ">
    <subfield code="b">Cen Lib/Ret</subfield>
  </datafield>
  <datafield tag="040" ind1=" " ind2=" ">
    <subfield code="a">DPL</subfield>
    <subfield code="b">EN</subfield>
  </datafield>
  <datafield tag="082" ind1=" " ind2=" ">
    <subfield code="a">340</subfield>
    <subfield code="b">IYE</subfield>
  </datafield>
  <datafield tag="100" ind1=" " ind2=" ">
    <subfield code="a">S. Ramaswamy, Iyer</subfield>
    <subfield code="9">8548</subfield>
  </datafield>
  <datafield tag="245" ind1=" " ind2=" ">
    <subfield code="a">Everybody's book of law /</subfield>
    <subfield code="c">by S. Ramaswamy Iyer</subfield>
  </datafield>
  <datafield tag="250" ind1=" " ind2=" ">
    <subfield code="a">rev. enl. 2nd ed</subfield>
  </datafield>
  <datafield tag="260" ind1=" " ind2=" ">
    <subfield code="a">Bombay</subfield>
    <subfield code="b"> Asia Publishing House</subfield>
    <subfield code="c">1961</subfield>
  </datafield>
  <datafield tag="270" ind1=" " ind2=" ">
    <subfield code="b">Bombay</subfield>
  </datafield>
  <datafield tag="300" ind1=" " ind2=" ">
    <subfield code="a">395p.</subfield>
    <subfield code="c">21cm(Hb)</subfield>
  </datafield>
  <datafield tag="500" ind1=" " ind2=" ">
    <subfield code="a">Includes index</subfield>
  </datafield>
  <datafield tag="650" ind1=" " ind2=" ">
    <subfield code="a">Law -- India -- Popular works</subfield>
    <subfield code="9">8549</subfield>
  </datafield>
  <datafield tag="650" ind1=" " ind2=" ">
    <subfield code="a">Law</subfield>
    <subfield code="9">104</subfield>
  </datafield>
  <datafield tag="942" ind1=" " ind2=" ">
    <subfield code="2">ddc</subfield>
    <subfield code="c">EN</subfield>
    <subfield code="h">340</subfield>
    <subfield code="m">IYE</subfield>
  </datafield>
  <datafield tag="999" ind1=" " ind2=" ">
    <subfield code="c">123923</subfield>
    <subfield code="d">123923</subfield>
  </datafield>
  <datafield tag="952" ind1=" " ind2=" ">
    <subfield code="0">0</subfield>
    <subfield code="1">0</subfield>
    <subfield code="4">0</subfield>
    <subfield code="7">0</subfield>
    <subfield code="a">L</subfield>
    <subfield code="b">L</subfield>
    <subfield code="d">2015-06-12</subfield>
    <subfield code="e">Cen Lib/Ret</subfield>
    <subfield code="g">0.00</subfield>
    <subfield code="l">2</subfield>
    <subfield code="m">2</subfield>
    <subfield code="o">340 IYE</subfield>
    <subfield code="p">558055</subfield>
    <subfield code="q">2019-04-13</subfield>
    <subfield code="r">2019-03-03 00:00:00</subfield>
    <subfield code="s">2019-03-03</subfield>
    <subfield code="t">1</subfield>
    <subfield code="v">0.00</subfield>
    <subfield code="w">2015-06-12</subfield>
    <subfield code="y">EN</subfield>
  </datafield>
</record>
